000 00340nam a22001457a 4500
008 210507b ||||| |||| 00| 0 eng d
020 _a9780201331189
041 _aeng
080 _25th
_a338
082 _a338
100 _a53
101 _aMEN
245 _aOperations Management Strategy and Analysis
_cKrajewski,L
942 _2udc
_cBK
999 _c57105
_d57105